| 000 -LEADER |
| fixed length control field |
00623cam a2200193 a 4500 |
| 020 ## - INTERNATIONAL STANDARD BOOK NUMBER |
| ISBN |
0134624335 (hardcover) |
| 040 ## - CATALOGING SOURCE |
| Transcribing agency |
DLC |
| 082 00 - DEWEY DECIMAL CLASSIFICATION NUMBER |
| Classification number |
635 PNH 1997 C152 Or. |
| 245 00 - TITLE STATEMENT |
| Title |
Controlling turfgrass pests / |
| 250 ## - EDITION STATEMENT |
| Edition statement |
2nd ed |
| 260 ## - PUBLICATION, DISTRIBUTION, ETC. (IMPRINT) |
| Place of publication |
Upper Saddle River, N.J. : |
| Name of publisher |
Prentice Hall, |
| Year of publication |
1997 |
| 300 ## - PHYSICAL DESCRIPTION |
| Number of Pages |
xiii, 655 p. : |
| Other physical details |
ill. (some col.) ; |
| Dimensions |
25 cm |
| 500 ## - GENERAL NOTE |
| General note |
Rev. ed. of: Controlling turfgrass pests / Malcolm C. Shurtleff, Thomas W. Fermanian, Roscoe Randell. 1987 |
| 650 #0 - SUBJECT ADDED ENTRY--TOPICAL TERM |
| Topical Term |
Turfgrasses |
| 650 #0 - SUBJECT ADDED ENTRY--TOPICAL TERM |
| Topical Term |
Turf management |
| 700 1# - ADDED ENTRY--PERSONAL NAME |
| Personal name |
Fermanian, Thomas W |
| 700 1# - ADDED ENTRY--PERSONAL NAME |
| Personal name |
Shurtleff, Malcolm C. |
| 942 ## - ADDED ENTRY ELEMENTS (KOHA) |
| Koha item type |
ADB |
| 952 ## - LOCATION AND ITEM INFORMATION (KOHA) |
| Withdrawn status [LOCAL, KOHA] |
0 |